000
00235 a2200097 4500
001
36700
100
_a
Fogiel, Dr M
245
_a
The thermodynamics problem
260
_a
New York
_b
Research & Edu Association
_c
090
_c
23746
_d
23746
942
_a
NUST-CAE
_c
M
_c
15276
999
_c
271773
_d
271773